समकालीन कहानी नया परिप्रेक्ष्य / (Record no. 53909)

MARC details
000 -LEADER
fixed length control field 03590nam a22003977a 4500
005 - DATE AND TIME OF LATEST TRANSACTION
control field 20120511145052.0
008 - FIXED-LENGTH DATA ELEMENTS--GENERAL INFORMATION
fixed length control field 101206t xxu||||| |||| 00| 0 hin d
010 ## - LCCN (DPL NO)
LC control number HIN-93208 B-466920-927
020 ## - INTERNATIONAL STANDARD BOOK NUMBER
Terms of availability 795.00
International Standard Book Number 9789380458229
035 ## - SYSTEM CONTROL NUMBER
System control number HN-65554 B-466920-927
037 ## - SOURCE OF ACQUISITION
Source of stock number/acquisition DBAD/PUB
037 ## - SOURCE OF ACQUISITION
Source of stock number/acquisition एलाइड पब्लिर्शस
040 ## - CATALOGING SOURCE
Original cataloging agency DPL
Language of cataloging HN
082 ## - DEWEY DECIMAL CLASSIFICATION NUMBER
Classification number 823.08
100 ## - MAIN ENTRY--PERSONAL NAME
9 (RLIN) 24598
Personal name पुष्पपाल सिंह
245 ## - TITLE STATEMENT
Title समकालीन कहानी नया परिप्रेक्ष्य /
Statement of responsibility, etc पुष्पपाल सिंह
246 ## - VARYING FORM OF TITLE
Title proper/short title Samkalin kahani:naya pariprakchay
Remainder of title by Pushppal Singh
260 ## - PUBLICATION, DISTRIBUTION, ETC. (IMPRINT)
Place of publication, distribution, etc नई दिल्ली
Name of publisher, distributor, etc सामयिक बुक्स
Date of publication, distribution, etc 2011
270 ## - ADDRESS
City नई दिल्ली
Address 3320-21, जटवाड़ा, दरियागंज,एन.एस.मार्ग
Postal code 110002
300 ## - PHYSICAL DESCRIPTION
Extent 480पृ.
Dimensions 22सेमी (सजिल्द)
650 ## - SUBJECT ADDED ENTRY--TOPICAL TERM
9 (RLIN) 1169
650 ## - SUBJECT ADDED ENTRY--TOPICAL TERM
9 (RLIN) 29580
700 ## - ADDED ENTRY--PERSONAL NAME
9 (RLIN) 24599
700 ## - ADDED ENTRY--PERSONAL NAME
9 (RLIN) 24924
942 ## - ADDED ENTRY ELEMENTS (KOHA)
Source of classification or shelving scheme Dewey Decimal Classification
Item type Hindi Books
Call number suffix पुष्पपा
Classification part 823.08
Holdings
Withdrawn status Lost status Source of classification or shelving scheme Damaged status Not for loan Collection code Home library Current library Date acquired Source of acquisition Cost, normal purchase price Total Checkouts Full call number Barcode Date last seen Copy number Cost, replacement price Koha item type Total Renewals
    Dewey Decimal Classification     Non-fiction Bawana Bawana 11/05/2012 एलाइड पब्लिशर्स/ 2581/26.03.12/39/20.03.12/28.03.12 795.00 14 823.08 पुष्पपा B-466926 19/02/2026 1 795.00 Hindi Books 13
    Dewey Decimal Classification     Non-fiction Central Library Central Library 11/05/2012 एलाइड पब्लिशर्स/ 2581/26.03.12/39/20.03.12/28.03.12 795.00 8 823.08 पुष्पपा B-466920 19/04/2021 1 795.00 Hindi Books 2
    Dewey Decimal Classification   Not For Loan Non-fiction D.B.Act.Division D.B.Act.Division 15/07/2011 DBAD / PUB 795.00   823.08 पुष्पपा HN-65554 15/07/2011 1 795.00 Hindi Books  
    Dewey Decimal Classification     Non-fiction Mobile Library Mobile Library 11/05/2012 एलाइड पब्लिशर्स/ 2581/26.03.12/39/20.03.12/28.03.12 795.00   823.08 पुष्पपा B-466921 11/05/2012 2 795.00 Hindi Books  
    Dewey Decimal Classification     Non-fiction Mobile Library Mobile Library 11/05/2012 एलाइड पब्लिशर्स/ 2581/26.03.12/39/20.03.12/28.03.12 795.00   823.08 पुष्पपा B-466922 11/05/2012 2 795.00 Hindi Books  
    Dewey Decimal Classification     Non-fiction Patel Nagar Patel Nagar 11/05/2012 एलाइड पब्लिशर्स/ 2581/26.03.12/39/20.03.12/28.03.12 795.00   823.08 पुष्पपा B-466923 11/05/2012 1 795.00 Hindi Books  
    Dewey Decimal Classification     Non-fiction Sarojini Nagar Sarojini Nagar 11/05/2012 एलाइड पब्लिशर्स/ 2581/26.03.12/39/20.03.12/28.03.12 795.00   823.08 पुष्पपा B-466924 11/05/2012 1 795.00 Hindi Books  
    Dewey Decimal Classification     Non-fiction Shahdara Branch Shahdara Branch 11/05/2012 एलाइड पब्लिशर्स/ 2581/26.03.12/39/20.03.12/28.03.12 795.00   823.08 पुष्पपा B-466927 11/05/2012 1 795.00 Hindi Books  
    Dewey Decimal Classification     Non-fiction Vinoba Puri Vinoba Puri 11/05/2012 एलाइड पब्लिशर्स/ 2581/26.03.12/39/20.03.12/28.03.12 795.00   823.08 पुष्पपा B-466925 11/05/2012 1 795.00 Hindi Books  

© Delhi Public Library
Hit Counter
free hit counter